• 首页
  • 本馆介绍
  • 公告通知
  • 最新文献
  • 馆藏检索
  • 电子资源
  • 读者导购
  • 参考咨询
  • 我的图书馆
  • 登录
  • 详细信息显示
  • 放入我的书架
  • 预约/预借图书
  • 作者相关作品
  • 分类相关作品
  • 丛书相关作品
  • 出版社相关作品

书目信息

  • 表格格式
  • 工作单格式
  • 卡片格式
题名:
传统与前瞻
    
 
作者: 王敦琴 著
分册:  
出版信息: 北京   人民出版社  2006
页数: 378页
开本: 21cm
丛书名:
单 册:
中图分类: F092.6
科图分类:
主题词:
电子资源:
ISBN: 7-01-005224-7
000 01307nam0 2200325 450
000 01270nam0 2200313 450
000 01240nam0 2200313 450
000 01186nam0 2200289 450
000 01204nam0 2200277 450
000 01167nam0 2200265 45
005 20061210145125.65
010    @a7-01-005224-7@dCNY26.00
100    @a20060829d2006 ekmy0chiy0120 ea
101 0  @achi
102    @aCN@b110000
105    @aa z 000yy
200 1  @a传统与前瞻@AChuan Tong Yu Qian Zhan@e张謇经济思想研究@EZhang Jian Jing Ji Si Xiang Yan Jiu@f王敦琴著@FWang Dun Qin Zhu
210    @a北京@c人民出版社@d2006
215    @a378页@c图@d21cm
300    @a江苏省高校人文社科研究项目、南通大学“博士后启动基金项目”
320    @a有书目
330    @a本书包括张謇的生平,他的经济思想的形成源流,具体的经济主张,比如“振兴实业”论,“棉铁主义” 等,他的民营经济观,特别是经济开放观和利用外资思想,他的企业经营理念,比如诚信论、义利观;他的管理思想等。
517 1  @a张謇经济思想研究@AZhang Jian Jing Ji Si Xiang Yan Jiu
600  0 @a张謇@f1853-1926@x经济思想@x研究
690    @aF092.6@v4
701  0 @a王敦琴@AWang Dun Qin@4著
801  0 @aCN@b中图数据@c20061210
905    @a10447@dF092.6@e26
    
    传统与前瞻:张謇经济思想研究/王敦琴著.-北京:人民出版社,2006
    378页:图;21cm
    江苏省高校人文社科研究项目、南通大学“博士后启动基金项目”
    
    ISBN 7-01-005224-7:CNY26.00
    本书包括张謇的生平,他的经济思想的形成源流,具体的经济主张,比如“振兴实业”论,“棉铁主义” 等,他的民营经济观,特别是经济开放观和利用外资思想,他的企业经营理念,比如诚信论、义利观;他的管理思想等。
●
相关链接 在E读中查询图书 在五车中查询图书 在当当中查询图书 在豆瓣中查询图书


正题名:传统与前瞻     索取号:F092.6/26         预约/预借

序号 登录号 条形码 馆藏地/架位号 状态 备注
1 0607247   206072471   第一样本阅览室/ [索取号:F092.6/26] 在馆    
2 0607248   206072480   第一借阅区/ [索取号:F092.6/26] 在馆    
3 0607249   206072499   第一借阅区/ [索取号:F092.6/26] 在馆    
4 0607250   206072505   第一借阅区/ [索取号:F092.6/26] 在馆    
5 0607251   206072514   第一借阅区/ [索取号:F092.6/26] 在馆    
唐山师范学院图书馆 欢迎您!
大连网信软件有限公司© 版权所有